| 000 | 00468nam a2200133Ia 4500 | ||
|---|---|---|---|
| 008 | 170221s9999 xx 000 0 und d | ||
| 100 | _aPran Krishansing Boolaky | ||
| 245 | _aDeterminants of the Strength of Auditing and Reporting Standards: a Cross-Country Study | ||
| 245 | _cPran Krishansing Boolaky, Chandrasekhar Krishnamurti, and Ariful Hoque | ||
| 260 | _c2012 | ||
| 300 | _a32 : 13 | ||
| 650 | _xBusiness | ||
| 856 | _uhttp://ro.uow.edu.au/aabfj/vol7/iss4/3/ | ||
| 999 |
_c311340 _d311340 |
||